[Event "Dallas UT Fall op"]
[Site "Dallas"]
[Date "2015.11.24"]
[Round "7"]
[White "Camacho, Chardine Cheradee"]
[Black "Ghatti, Sanjay"]
[Result "1-0"]
[WhiteElo "2258"]
[BlackElo "2151"]
[PlyCount "89"]
[EventDate "2015.11.20"]
[EventType "swiss"]
[EventRounds "9"]
[EventCountry "USA"]
[SourceTitle "CBM 169 Extra"]
[Source "ChessBase"]
[SourceDate "2015.12.18"]
[SourceVersion "1"]
[SourceVersionDate "2015.12.18"]
[SourceQuality "1"]

1. e4 c6 2. d4 d5 3. Nc3 dxe4 4. Nxe4 Bf5 5. Ng3 Bg6 6. h4 h6 7. Nf3 Nd7 8. h5 Bh7 9. Bd3 Bxd3 10. Qxd3 e6 11. Bd2 Ngf6 12. 0-0-0 Be7 13. Kb1 0-0 14. Rhe1 c5 15. Bc3 Nd5 16. Ne4 Qb6 17. Ne5 Nxe5 18. dxe5 Nxc3+ 19. Qxc3 Rfd8 20. g4 Rxd1+ 21. Rxd1 Rd8 22. Rd3 Rd4 23. f3 Rd5 24. a3 Qc6 25. Rxd5 exd5 26. Ng3 d4 27. Qd3 Qd5 28. Qe4 Qxe4 29. Nxe4 g5 30. Kc1 Kf8 31. Kd2 Ke8 32. Kd3 Kd7 33. Ng3 Ke6 34. Ke4 b5 35. Nf5 Bf8 36. b4 cxb4 37. axb4 Bxb4 38. Nxh6 Bc3 39. Kd3 Kxe5 40. Nf5 Bb4 41. h6 Be7 42. Nxe7 Kf6 43. Kxd4 a5 44. Kc5 a4 45. Kb4 1-0

[Event "Dallas UT Fall op"]
[Site "Dallas"]
[Date "2015.11.24"]
[Round "8"]
[White "Kiewra, Keaton F"]
[Black "Camacho, Chardine Cheradee"]
[Result "1-0"]
[WhiteElo "2445"]
[BlackElo "2258"]
[PlyCount "65"]
[EventDate "2015.11.20"]
[EventType "swiss"]
[EventRounds "9"]
[EventCountry "USA"]
[SourceTitle "CBM 169 Extra"]
[Source "ChessBase"]
[SourceDate "2015.12.18"]
[SourceVersion "1"]
[SourceVersionDate "2015.12.18"]
[SourceQuality "1"]

1. e4 e6 2. d4 d5 3. Nd2 Nf6 4. e5 Nfd7 5. Bd3 c5 6. c3 Nc6 7. Ne2 cxd4 8. cxd4 f6 9. exf6 Nxf6 10. 0-0 Bd6 11. Nf3 Qc7 12. Bg5 0-0 13. Rc1 Nh5 14. Bb1 Nf4 15. Nxf4 Bxf4 16. Bxf4 Qxf4 17. Rc3 Bd7 18. Qd3 g6 19. g3 Qf6 20. Qe3 a6 21. h4 Rae8 22. Re1 Rf7 23. Kg2 Rfe7 24. Qd2 e5 25. dxe5 Nxe5 26. Qxd5+ Be6 27. Qd4 Nxf3 28. Qxf6 Nxe1+ 29. Kg1 Rf7 30. Qg5 Nf3+ 31. Rxf3 Rxf3 32. h5 Bf5 33. Kg2 1-0

[Event "Pan American Intercollegiate-chT"]
[Site "South Padre Island"]
[Date "2014.12.28"]
[Round "2.6"]
[White "Camacho, Chardine Cheradee"]
[Black "Boros, Denes"]
[Result "1/2-1/2"]
[WhiteElo "2199"]
[BlackElo "2469"]
[PlyCount "173"]
[EventDate "2014.12.27"]
[EventType "team-swiss"]
[EventRounds "6"]
[EventCountry "USA"]
[SourceTitle "CBM 164 Extra"]
[Source "ChessBase"]
[SourceDate "2015.03.02"]
[SourceVersion "1"]
[SourceVersionDate "2015.03.02"]
[SourceQuality "1"]
[WhiteTeam "Dallas UT III"]
[BlackTeam "WEBST II"]
[WhiteTeamCountry "USA"]
[BlackTeamCountry "USA"]

1. e4 c5 2. Nf3 Nc6 3. d4 cxd4 4. Nxd4 Qb6 5. Nb3 Nf6 6. Nc3 e6 7. a3 d6 8. Bf4 Ne5 9. Qd2 a6 10. Bg3 Nh5 11. Bh4 Qc7 12. Be2 Ng6 13. Bg5 Nf6 14. f4 Be7 15. 0-0 Bd7 16. Rad1 Rc8 17. f5 Ne5 18. fxe6 fxe6 19. Bxf6 Qb6+ 20. Kh1 Bxf6 21. Qxd6 Qxd6 22. Rxd6 Rc7 23. Rd2 Be7 24. Rfd1 Rf8 25. Na5 b5 26. Nb3 Rf7 27. Ra1 Bc6 28. Nd4 Bd7 29. Nf3 Bf6 30. Rd6 Nxf3 31. Bxf3 a5 32. Rf1 Ke7 33. Rfd1 Rf8 34. Be2 Be5 35. Rb6 Rf2 36. Kg1 Rf4 37. g3 Rf7 38. Bxb5 Bxc3 39. Bxd7 Rf3 40. Rxe6+ Kf7 41. bxc3 Rxd7 42. Rxd7+ Kxe6 43. Rd3 Rf7 44. Rd5 a4 45. Rd4 Rf3 46. Rxa4 Rxc3 47. Ra7 g6 48. Rxh7 Rxc2 49. Ra7 Re2 50. Ra6+ Kf7 51. a4 Rxe4 52. Kg2 Re2+ 53. Kh3 Re4 54. a5 Ra4 55. Ra7+ Kf6 56. a6 Kg5 57. Ra8 Kf6 58. a7 Kg7 59. Kg2 Ra3 60. Kf2 Ra4 61. h4 Ra3 62. g4 Ra5 63. g5 Ra3 64. Ke2 Ra5 65. Ke3 Ra4 66. Kd3 Ra1 67. Ke3 Ra4 68. Kf3 Ra1 69. Kg3 Ra4 70. Kf3 Ra1 71. Ke4 Re1+ 72. Kf4 Rf1+ 73. Ke3 Ra1 74. Rd8 Rxa7 75. Ke4 Re7+ 76. Kf4 Rf7+ 77. Ke5 Re7+ 78. Kd6 Re4 79. Rd7+ Kf8 80. Rd8+ Kg7 81. Rd7+ Kf8 82. Rh7 Re1 83. Kd7 Re4 84. Rh8+ Kg7 85. Re8 Rd4+ 86. Ke6 Re4+ 87. Kd7 1/2-1/2

[Event "Richardson UTD Fall op"]
[Site "Richardson"]
[Date "2014.11.25"]
[Round "8"]
[White "Gater, Daniel"]
[Black "Camacho, Chardine Cheradee"]
[Result "0-1"]
[WhiteElo "2101"]
[BlackElo "2170"]
[PlyCount "96"]
[EventDate "2014.11.21"]
[EventType "swiss"]
[EventRounds "9"]
[EventCountry "USA"]
[SourceTitle "CBM 163 Extra"]
[Source "ChessBase"]
[SourceDate "2014.12.23"]
[SourceVersion "1"]
[SourceVersionDate "2014.12.23"]
[SourceQuality "1"]

1. e4 e6 2. d4 d5 3. Nc3 Bb4 4. e5 c5 5. a3 Bxc3+ 6. bxc3 Qa5 7. Bd2 Qa4 8. Qb1 c4 9. h4 Nc6 10. Be2 Nge7 11. Nh3 Bd7 12. Bh5 Rf8 13. 0-0 0-0-0 14. Ng5 Be8 15. Qb2 Nf5 16. Bg4 Nxh4 17. Bxe6+ fxe6 18. Nxe6 Rf7 19. Bg5 Ng6 20. f4 Qa5 21. Rab1 b6 22. f5 Nge7 23. Nxd8 Kxd8 24. e6 Rf8 25. a4 Qa6 26. Qa3 Qb7 27. Rb5 Kc8 28. Rxd5 h6 29. Bh4 g5 30. Bg3 Rf6 31. Rb5 a6 32. Be5 Rxf5 33. Rxf5 Nxf5 34. Qf8 Qe7 35. Qxf5 axb5 36. Bf6 Qd6 37. axb5 Ne7 38. Qf3 Nd5 39. Qf5 Nf4 40. e7+ Qd7 41. Qe4 Qd5 42. Qxd5 Nxd5 43. Bg7 h5 44. Bh6 g4 45. Bg5 Kd7 46. Kf2 Nxe7 47. Ke3 Nd5+ 48. Ke4 Ke6 0-1

[Event "Richardson UTD Fall op"]
[Site "Richardson"]
[Date "2014.11.25"]
[Round "7"]
[White "Lin, Dachey"]
[Black "Camacho, Chardine Cheradee"]
[Result "1-0"]
[WhiteElo "2141"]
[BlackElo "2170"]
[PlyCount "95"]
[EventDate "2014.11.21"]
[EventType "swiss"]
[EventRounds "9"]
[EventCountry "USA"]
[SourceTitle "CBM 163 Extra"]
[Source "ChessBase"]
[SourceDate "2014.12.23"]
[SourceVersion "1"]
[SourceVersionDate "2014.12.23"]
[SourceQuality "1"]

1. c4 Nf6 2. Nc3 e5 3. g3 Nc6 4. Bg2 Bb4 5. Nd5 0-0 6. a3 Bc5 7. e3 Nxd5 8. cxd5 Ne7 9. b4 Bb6 10. Bb2 d6 11. Ne2 f5 12. f4 e4 13. Qb3 Qe8 14. g4 Qf7 15. gxf5 Bxf5 16. Rg1 Ng6 17. Nd4 Bxd4 18. Bxd4 c6 19. Bf1 cxd5 20. h4 Rac8 21. h5 Ne5 22. Be2 Be6 23. Kf2 Qe7 24. Rg3 Qh4 25. Kg2 Rf7 26. Rh1 Qe7 27. fxe5 dxe5 28. Bxe5 d4 29. Qd1 d3 30. Bg4 Rcf8 31. Bxe6 Qxe6 32. Bf4 Qa2 33. Qc1 Rf6 34. Qc3 R8f7 35. Ra1 Qd5 36. Qc8+ Rf8 37. Qg4 R6f7 38. Kh3 Qc6 39. Be5 Qd7 40. Rag1 Qxg4+ 41. Rxg4 Rf3+ 42. Kh4 g6 43. hxg6 hxg6 44. Rxg6+ Kf7 45. Rf6+ Rxf6 46. Bxf6 Ke6 47. Bc3 Kd5 48. Rg5+ 1-0

[Event "Richardson UTD Fall op"]
[Site "Richardson"]
[Date "2014.11.22"]
[Round "2"]
[White "Vaidya, Atulya"]
[Black "Camacho, Chardine Cheradee"]
[Result "0-1"]
[WhiteElo "2075"]
[BlackElo "2170"]
[PlyCount "116"]
[EventDate "2014.11.21"]
[EventType "swiss"]
[EventRounds "9"]
[EventCountry "USA"]
[SourceTitle "CBM 163 Extra"]
[Source "ChessBase"]
[SourceDate "2014.12.23"]
[SourceVersion "1"]
[SourceVersionDate "2014.12.23"]
[SourceQuality "1"]

1. d4 Nf6 2. c4 c5 3. d5 e6 4. Nc3 exd5 5. cxd5 d6 6. e4 g6 7. h3 Bg7 8. Nf3 a6 9. a4 Nbd7 10. Bd3 Nh5 11. 0-0 Ne5 12. Be2 Nxf3+ 13. Bxf3 Qh4 14. Bxh5 gxh5 15. Qf3 Be5 16. Ne2 Rg8 17. Ra3 Bg4 18. Qe3 0-0-0 19. f4 Bxe2 20. Qxe2 Bd4+ 21. Be3 Qf6 22. Rd3 Bxe3+ 23. Rxe3 Qd4 24. Kh1 Qxa4 25. e5 dxe5 26. Rxe5 Qb5 27. Qxb5 axb5 28. Rxh5 Rg7 29. b4 c4 30. d6 Rxd6 31. Rxb5 f6 32. Rc1 Rc7 33. Ra5 Kd7 34. Rc3 Rb6 35. b5 Kd6 36. Ra4 Kd5 37. Rb4 Rc5 38. Kg1 Kd4 39. Rc1 Kd3 40. Kf2 c3 41. Rd1+ Kc2 42. Re1 Rd5 43. g4 Rd2+ 44. Kf3 Rd3+ 45. Kf2 Rxh3 46. Kg2 Rd3 47. Kf2 Rd2+ 48. Kf3 Rbd6 49. Rbb1 Rd1 50. Rbxd1 Rxd1 51. Re7 Kb2 52. Rxb7 c2 53. Rc7 Rd3+ 54. Ke4 Rc3 55. Rxc3 Kxc3 56. Kf5 c1Q 57. b6 Qe3 58. b7 Qb6 0-1

[Event "Olympiad Women-41"]
[Site "Tromsoe"]
[Date "2014.08.08"]
[Round "6.1"]
[White "Camacho, Chardine Cheradee"]
[Black "Al Zarouni, Kholoud Essa"]
[Result "1-0"]
[WhiteElo "2214"]
[BlackElo "1862"]
[PlyCount "53"]
[EventDate "2014.08.02"]
[EventType "team-swiss"]
[EventRounds "11"]
[EventCountry "NOR"]
[SourceTitle "CBM 162"]
[Source "ChessBase"]
[SourceDate "2014.09.17"]
[SourceVersion "1"]
[SourceVersionDate "2014.09.17"]
[SourceQuality "1"]
[WhiteTeam "Philippines (W)"]
[BlackTeam "United Arab Emirates (W)"]
[WhiteTeamCountry "PHI"]
[BlackTeamCountry "UAE"]

1. e4 e5 2. Nf3 Nc6 3. d4 exd4 4. Bc4 Nf6 5. e5 d5 6. Bb5 Ne4 7. Nxd4 Bd7 8. Bxc6 bxc6 9. 0-0 Bc5 10. f3 Ng5 11. f4 Ne4 12. Be3 Qb8 13. Nc3 Qxb2 14. Nxe4 dxe4 15. Rb1 Qxa2 16. Rb3 Qa5 17. f5 0-0 18. Qg4 Bb6 19. Qxe4 Rae8 20. Nf3 Qd5 21. Qf4 Bc8 22. Rd3 Bxe3+ 23. Rxe3 Qc5 24. Nd4 Rd8 25. c3 Qd5 26. f6 h6 27. Rg3 1-0

[Event "Olympiad Women-41"]
[Site "Tromsoe"]
[Date "2014.08.06"]
[Round "5.1"]
[White "Stefanova, Antoaneta"]
[Black "Camacho, Chardine Cheradee"]
[Result "1-0"]
[WhiteElo "2505"]
[BlackElo "2214"]
[PlyCount "89"]
[EventDate "2014.08.02"]
[EventType "team-swiss"]
[EventRounds "11"]
[EventCountry "NOR"]
[SourceTitle "CBM 162"]
[Source "ChessBase"]
[SourceDate "2014.09.17"]
[SourceVersion "1"]
[SourceVersionDate "2014.09.17"]
[SourceQuality "1"]
[WhiteTeam "Bulgaria (W)"]
[BlackTeam "Philippines (W)"]
[WhiteTeamCountry "BUL"]
[BlackTeamCountry "PHI"]

1. d4 Nf6 2. c4 c5 3. d5 e6 4. Nf3 d6 5. Nc3 exd5 6. cxd5 g6 7. Bf4 a6 8. a4 Bg7 9. h3 0-0 10. e3 Qe7 11. Nd2 Nbd7 12. Be2 Ne8 13. 0-0 g5 14. Bh2 f5 15. Nc4 Ne5 16. Nb6 Rb8 17. Qd2 Bh6 18. f4 Nd7 19. Nxc8 Rxc8 20. Bd3 Ng7 21. Rae1 c4 22. Bc2 gxf4 23. exf4 Qh4 24. Ne2 Rc5 25. Bg3 Qd8 26. Bf2 Qa5 27. Nc3 Rc7 28. Bd4 Nf6 29. Qf2 Nxd5 30. Rd1 Nxc3 31. bxc3 Re7 32. Qh4 Re6 33. g4 Rg6 34. g5 Ne6 35. Qf2 Bg7 36. Bxg7 Kxg7 37. Qf3 h6 38. h4 hxg5 39. fxg5 Nxg5 40. hxg5 Rxg5+ 41. Kf2 Qb6+ 42. Ke2 f4 43. Rb1 Re8+ 44. Kd1 Qc5 45. Qxb7+ 1-0

[Event "Dallas UTD Spring op"]
[Site "Dallas"]
[Date "2014.03.12"]
[Round "8"]
[White "Cornejo, Max"]
[Black "Camacho, Chardine Cheradee"]
[Result "1-0"]
[WhiteElo "2383"]
[BlackElo "2178"]
[PlyCount "77"]
[EventDate "2014.03.08"]
[EventType "swiss"]
[EventRounds "9"]
[EventCountry "USA"]
[SourceTitle "CBM 159 Extra"]
[Source "ChessBase"]
[SourceDate "2014.04.24"]
[SourceVersion "1"]
[SourceVersionDate "2014.04.24"]
[SourceQuality "1"]

1. e4 e6 2. d4 d5 3. Nd2 Nf6 4. e5 Nfd7 5. Bd3 c5 6. c3 Nc6 7. Ne2 cxd4 8. cxd4 f6 9. exf6 Nxf6 10. Nf3 Bd6 11. 0-0 Qc7 12. Bd2 0-0 13. Rc1 Bd7 14. Ng3 Rae8 15. Re1 Qb8 16. Bc3 Bf4 17. Rc2 Ng4 18. Rce2 Rf6 19. Nf1 e5 20. Qb3 Qd6 21. h3 Nxf2 22. Rxf2 exd4 23. Rxe8+ Bxe8 24. Nxd4 Rf7 25. Qc2 g6 26. Nxc6 bxc6 27. Bd4 g5 28. g3 Bxg3 29. Rxf7 Kxf7 30. Qc5 Qxc5 31. Bxc5 Be5 32. b4 Bd7 33. Kg2 h5 34. Bxa7 g4 35. h4 Bc3 36. Bc5 Be8 37. Ng3 Ke6 38. Bf5+ Ke5 39. a4 1-0

[Event "Dallas UTD Spring op"]
[Site "Dallas"]
[Date "2014.03.08"]
[Round "1"]
[White "Camacho, Chardine Cheradee"]
[Black "Perelshteyn, Eugene"]
[Result "0-1"]
[WhiteElo "2178"]
[BlackElo "2518"]
[PlyCount "82"]
[EventDate "2014.03.08"]
[EventType "swiss"]
[EventRounds "9"]
[EventCountry "USA"]
[SourceTitle "CBM 159 Extra"]
[Source "ChessBase"]
[SourceDate "2014.04.24"]
[SourceVersion "1"]
[SourceVersionDate "2014.04.24"]
[SourceQuality "1"]

1. e4 c5 2. Nf3 g6 3. d4 Bg7 4. Nc3 cxd4 5. Nxd4 Nc6 6. Be3 Nf6 7. Be2 0-0 8. Qd2 d5 9. exd5 Nxd5 10. Nxd5 Nxd4 11. Bxd4 Qxd5 12. Bxg7 Qxg2 13. 0-0-0 Kxg7 14. Bd3 Qh3 15. Rde1 Be6 16. Kb1 Rfd8 17. Qg5 Rd7 18. Re3 Qg4 19. Qe5+ Kg8 20. f4 Rad8 21. b3 Qg2 22. Be4 Qf2 23. Rc3 Qd4 24. Qxd4 Rxd4 25. Bxb7 Rxf4 26. Rc7 Bf5 27. Ba6 Rf2 28. Bd3 Bxd3 29. cxd3 Rxd3 30. Rxe7 a5 31. Ra7 Rd5 32. h4 h5 33. Rc1 Rf4 34. Rh1 Rf2 35. Rc1 Kg7 36. Rc2 Rxc2 37. Kxc2 g5 38. hxg5 h4 39. Re7 Kg6 40. a4 Rxg5 41. Re4 h3 0-1

[Event "Dallas UTD-B"]
[Site "Dallas"]
[Date "2013.11.24"]
[Round "6"]
[White "Labedz, Patrycja"]
[Black "Camacho, Chardine Cheradee"]
[Result "1/2-1/2"]
[WhiteElo "2102"]
[BlackElo "2210"]
[PlyCount "119"]
[EventDate "2013.11.21"]
[EventType "tourn"]
[EventRounds "9"]
[EventCountry "USA"]
[EventCategory "2"]
[SourceTitle "CBM 157 Extra"]
[Source "ChessBase"]
[SourceDate "2013.12.19"]
[SourceVersion "1"]
[SourceVersionDate "2013.12.19"]
[SourceQuality "1"]

1. d4 Nf6 2. Nf3 g6 3. c4 Bg7 4. g3 0-0 5. Bg2 d6 6. 0-0 Nc6 7. Nc3 a6 8. d5 Na5 9. Nd2 c5 10. Qc2 Rb8 11. Rb1 b5 12. b3 e5 13. cxb5 axb5 14. e4 Ba6 15. Re1 Nd7 16. Bf1 Qc7 17. a4 c4 18. b4 Nb3 19. Nxb3 cxb3 20. Qb2 bxa4 21. Bxa6 Rxb4 22. Bd2 Nc5 23. Bf1 Rb7 24. Rec1 Qd7 25. Be3 Rfb8 26. Ra1 Rb4 27. f3 f5 28. Kh1 fxe4 29. Bxc5 dxc5 30. Nxe4 Qxd5 31. Rxc5 Qd4 32. Qb1 Rd8 33. Qe1 b2 34. Rb1 a3 35. Bh3 Kh8 36. Be6 Ra4 37. Ba2 Ra7 38. Rc4 Qd7 39. Rc3 Bh6 40. Rb3 Rc8 41. Rd1 Qc6 42. Rc3 Qa6 43. Rxc8+ Qxc8 44. Nd6 Qf8 45. Qxe5+ Bg7 46. Qe3 Rd7 47. Nf7+ Rxf7 48. Bxf7 Qxf7 49. Qxa3 h6 50. Kg2 Kh7 51. Qd3 Qb7 52. Qb1 Qc6 53. Re1 Qa6 54. Qc2 Qa2 55. Qb1 Qa1 56. Rd1 Qa6 57. Re1 Qa1 58. Rd1 Qa6 59. Qc2 Qa2 60. Qb1 1/2-1/2

[Event "Dallas UTD-B"]
[Site "Dallas"]
[Date "2013.11.21"]
[Round "1"]
[White "Camacho, Chardine Cheradee"]
[Black "Gater, Daniel"]
[Result "1/2-1/2"]
[WhiteElo "2210"]
[BlackElo "2115"]
[PlyCount "92"]
[EventDate "2013.11.21"]
[EventType "tourn"]
[EventRounds "9"]
[EventCountry "USA"]
[EventCategory "2"]
[SourceTitle "CBM 157 Extra"]
[Source "ChessBase"]
[SourceDate "2013.12.19"]
[SourceVersion "1"]
[SourceVersionDate "2013.12.19"]
[SourceQuality "1"]

1. e4 c5 2. Nf3 d6 3. d4 cxd4 4. Nxd4 Nf6 5. Nc3 a6 6. g3 e5 7. Nde2 Be7 8. Bg2 b5 9. h3 Nbd7 10. g4 b4 11. Nd5 Nxd5 12. exd5 a5 13. a3 Ba6 14. Bd2 Qb6 15. 0-0 0-0 16. Re1 Rfc8 17. axb4 axb4 18. Ng3 b3 19. cxb3 Nc5 20. Re3 Bg5 21. Ba5 Qb8 22. Rc3 Bb5 23. b4 Nb7 24. Bb6 Rxa1 25. Qxa1 Bd2 26. Rxc8+ Qxc8 27. Nf5 Kf8 28. Be3 Bxb4 29. Be4 g6 30. Bh6+ Ke8 31. Ng7+ Kd8 32. Qd1 Qc4 33. Qf3 Nc5 34. Qf6+ Kc8 35. Bg2 Nd3 36. Qxf7 Bc5 37. Ne6 Bxf2+ 38. Kh2 Qc2 39. Qf8+ Kb7 40. Nd8+ Ka7 41. Qe7+ Ka6 42. Qxd6+ Bb6 43. Qa3+ Ba4 44. b3 Qxb3 45. Qxb3 Bxb3 46. Nc6 Bc5 1/2-1/2

[Event "Richardson UTD op"]
[Site "Richardson"]
[Date "2013.03.12"]
[Round "8"]
[White "Hambleton, Aman"]
[Black "Camacho, Chardine Cheradee"]
[Result "1-0"]
[WhiteElo "2463"]
[BlackElo "2182"]
[PlyCount "75"]
[EventDate "2013.03.09"]
[EventType "swiss"]
[EventRounds "9"]
[EventCountry "USA"]
[SourceTitle "CBM 153 Extra"]
[Source "ChessBase"]
[SourceDate "2013.04.22"]
[SourceVersion "1"]
[SourceVersionDate "2013.04.22"]
[SourceQuality "1"]

1. d4 Nf6 2. c4 c5 3. d5 e6 4. Nc3 exd5 5. cxd5 d6 6. e4 g6 7. h3 Bg7 8. Nf3 0-0 9. Bd3 a6 10. a4 Nbd7 11. 0-0 Qe7 12. Re1 Ne8 13. Bf4 Ne5 14. Be2 Bd7 15. Nd2 Nc7 16. Bh2 g5 17. Nf1 b5 18. Ne3 Rfb8 19. h4 h6 20. hxg5 hxg5 21. Nf5 Bxf5 22. exf5 bxa4 23. Ne4 Rxb2 24. Rxa4 a5 25. Nxc5 dxc5 26. d6 Qd7 27. dxc7 Qxc7 28. Qc1 Qd7 29. Bxe5 Bxe5 30. Qxg5+ Kf8 31. f6 Qxa4 32. Qg7+ Ke8 33. Bb5+ Qxb5 34. Rxe5+ Kd7 35. Qxf7+ Kc8 36. Re8+ Qxe8 37. Qxe8+ Kb7 38. f7 1-0

[Event "Richardson UTD op"]
[Site "Richardson"]
[Date "2013.03.10"]
[Round "4"]
[White "Camacho, Chardine Cheradee"]
[Black "Adamson, Robby"]
[Result "1/2-1/2"]
[WhiteElo "2182"]
[BlackElo "2291"]
[PlyCount "64"]
[EventDate "2013.03.09"]
[EventType "swiss"]
[EventRounds "9"]
[EventCountry "USA"]
[SourceTitle "CBM 153 Extra"]
[Source "ChessBase"]
[SourceDate "2013.04.22"]
[SourceVersion "1"]
[SourceVersionDate "2013.04.22"]
[SourceQuality "1"]

1. e4 c6 2. d4 d5 3. exd5 cxd5 4. Bd3 Nc6 5. c3 Qc7 6. Ne2 Bg4 7. f3 Bd7 8. Bf4 e5 9. dxe5 Nxe5 10. Bc2 Bd6 11. Ba4 Ne7 12. Na3 0-0 13. Bxd7 Qxd7 14. 0-0 Bxa3 15. bxa3 Nc4 16. Qb3 Ng6 17. Rfd1 Qe7 18. Re1 Qc5+ 19. Kh1 Nxa3 20. Rad1 Nc4 21. Qxb7 Rae8 22. Rxd5 Qb6 23. Qxb6 Nxb6 24. Rd4 Nxf4 25. Rxf4 Nd5 26. Re4 f5 27. Rxe8 Rxe8 28. Kg1 Nxc3 29. Kf2 Nxa2 30. Ra1 Nb4 31. Rxa7 Nd3+ 32. Kf1 Rb8 1/2-1/2

[Event "Richardson UTD op"]
[Site "Richardson"]
[Date "2013.03.09"]
[Round "2"]
[White "Camacho, Chardine Cheradee"]
[Black "Xiong, Jeffery"]
[Result "0-1"]
[WhiteElo "2182"]
[BlackElo "2330"]
[PlyCount "108"]
[EventDate "2013.03.09"]
[EventType "swiss"]
[EventRounds "9"]
[EventCountry "USA"]
[SourceTitle "CBM 153 Extra"]
[Source "ChessBase"]
[SourceDate "2013.04.22"]
[SourceVersion "1"]
[SourceVersionDate "2013.04.22"]
[SourceQuality "1"]

1. e4 c5 2. Nf3 d6 3. d4 cxd4 4. Nxd4 Nf6 5. Nc3 a6 6. g3 e5 7. Nde2 Nbd7 8. Bg2 b5 9. h3 Bb7 10. g4 b4 11. Nd5 Nxd5 12. exd5 g6 13. Ng3 Bg7 14. 0-0 0-0 15. a3 a5 16. Bd2 Qb6 17. Be3 Qc7 18. axb4 axb4 19. Qd2 Nb6 20. Rfd1 Rfb8 21. Rxa8 Bxa8 22. b3 Nc8 23. Ra1 Qd7 24. g5 Ne7 25. Ra7 Qd8 26. Ra4 Rb5 27. Qd3 Ra5 28. Rxb4 Nxd5 29. Bxd5 Rxd5 30. Qc4 Bf8 31. Qg4 Ra5 32. Kh2 Ra1 33. Bb6 Qe8 34. Rc4 Qb5 35. Bd8 d5 36. Rc8 Qb7 37. Bc7 d4 38. f3 Qb4 39. c3 Ra2+ 40. Kg1 Qc5 41. b4 Qe7 42. Bb6 Ra1+ 43. Nf1 Bb7 44. Rc7 Qe8 45. Rxb7 Qb5 46. Qg2 dxc3 47. Kh2 Qd5 48. Rb8 Ra2 49. Bf2 e4 50. f4 Qd6 51. Rc8 Qxf4+ 52. Kg1 c2 53. Ne3 Ra1+ 54. Qf1 Qxg5+ 0-1

[Event "Tagaytay City zt 3.3 (Women)"]
[Site "Tagaytay City"]
[Date "2011.05.28"]
[Round "7"]
[White "Hoang, Thi Nhu Y"]
[Black "Camacho, Chardine Cheradee"]
[Result "1-0"]
[WhiteElo "2220"]
[BlackElo "2203"]
[PlyCount "135"]
[EventDate "2011.05.24"]
[EventType "swiss"]
[EventRounds "9"]
[EventCountry "PHI"]
[SourceTitle "EXT 2012"]
[Source "ChessBase"]
[SourceDate "2011.11.24"]
[SourceVersion "1"]
[SourceVersionDate "2011.11.24"]
[SourceQuality "1"]

1. d4 Nf6 2. Nf3 g6 3. Bg5 Bg7 4. Nbd2 0-0 5. e4 d6 6. h3 c6 7. a4 Qc7 8. Bd3 e5 9. c3 Be6 10. 0-0 Nh5 11. dxe5 dxe5 12. Bc4 h6 13. Be3 Bxc4 14. Nxc4 Rd8 15. Qb3 Nd7 16. Rfd1 b6 17. Rd2 Nf8 18. Rad1 Ne6 19. Rxd8+ Rxd8 20. Rxd8+ Nxd8 21. Qd1 Ne6 22. Qd6 Qxd6 23. Nxd6 Nhf4 24. Nc8 Nd3 25. b3 Nec5 26. Nd2 a6 27. Nxb6 Kf8 28. b4 Nb7 29. Nd7+ Ke8 30. Nb8 a5 31. Nxc6 Kd7 32. Nxa5 Nxa5 33. bxa5 Nb2 34. a6 Kc8 35. a7 Kb7 36. Nb3 Nd1 37. Bb6 Bf8 38. c4 Nb2 39. c5 Nxa4 40. Kf1 Ka8 41. Ke1 Be7 42. Kd2 Nxb6 43. cxb6 Bd8 44. Kd3 Bxb6 45. f3 Kxa7 46. Kc4 Kb7 47. Kd5 Kc7 48. Kxe5 Kd7 49. Nd4 Ke7 50. Nc6+ Kf8 51. h4 Bf2 52. h5 Bg3+ 53. Kd5 gxh5 54. Nd4 Bf4 55. Nf5 Kg8 56. e5 Kh7 57. Ke4 Bd2 58. f4 Be1 59. Nd6 Kg7 60. Ne8+ Kf8 61. Nf6 h4 62. Nh5 Bd2 63. f5 Bg5 64. f6 Bd2 65. Ng7 Bg5 66. Kf5 Bd2 67. e6 fxe6+ 68. Kg6 1-0

[Event "Tagaytay City zt 3.3 (Women)"]
[Site "Tagaytay City"]
[Date "2011.05.24"]
[Round "1"]
[White "Verdiana, Norasa"]
[Black "Camacho, Chardine Cheradee"]
[Result "0-1"]
[WhiteElo "1915"]
[BlackElo "2203"]
[PlyCount "128"]
[EventDate "2011.05.24"]
[EventType "swiss"]
[EventRounds "9"]
[EventCountry "PHI"]
[SourceTitle "EXT 2012"]
[Source "ChessBase"]
[SourceDate "2011.11.24"]
[SourceVersion "1"]
[SourceVersionDate "2011.11.24"]
[SourceQuality "1"]

1. e4 e6 2. d4 d5 3. Nc3 Bb4 4. e5 c5 5. a3 Bxc3+ 6. bxc3 Qa5 7. Bd2 Qa4 8. Qb1 c4 9. Ne2 Nc6 10. Ng3 Nge7 11. Be2 Bd7 12. Ra2 0-0-0 13. 0-0 Rdf8 14. Nh5 Rhg8 15. Bg5 Nf5 16. h3 h6 17. Bd2 f6 18. exf6 g6 19. Ng3 Rxf6 20. Rb2 b6 21. Nxf5 gxf5 22. Bf3 Qxa3 23. Ra2 Qd6 24. Re1 Rfg6 25. Kh1 h5 26. Qc1 Qf8 27. Bf4 Qg7 28. Rg1 h4 29. Qa3 Be8 30. Rb2 Qb7 31. Rbb1 R6g7 32. Rbe1 Bf7 33. Qc1 a5 34. Qb2 b5 35. Rb1 b4 36. cxb4 axb4 37. Bd6 Kd7 38. Bxb4 Nxb4 39. Qxb4 Qxb4 40. Rxb4 Rc8 41. Ra1 Rc7 42. Kh2 Bg6 43. Ra6 f4 44. c3 Bf5 45. Rb8 Ke7 46. Rbb6 Rd7 47. Bg4 Rxg4 48. hxg4 Bxg4 49. Ra8 Bf5 50. f3 Kf6 51. Raa6 Rh7 52. Ra5 Kg5 53. Ra8 h3 54. Rg8+ Kf6 55. Rf8+ Kg5 56. Rxf5+ Kxf5 57. gxh3 Ra7 58. h4 Ra2+ 59. Kg1 Rc2 60. h5 Rxc3 61. Kf2 Rc2+ 62. Kg1 Ra2 63. Rc6 Ra7 64. Rc8 Rh7 0-1

[Event "Olympiad Women-39"]
[Site "Khanty-Mansiysk"]
[Date "2010.09.29"]
[Round "8.20"]
[White "Camacho, Chardine Cheradee"]
[Black "Hoang, Thi Bao Tram"]
[Result "0-1"]
[WhiteElo "2186"]
[BlackElo "2285"]
[PlyCount "54"]
[EventDate "2010.09.21"]
[EventType "team-swiss"]
[EventRounds "11"]
[EventCountry "RUS"]
[SourceTitle "CBM 139"]
[Source "ChessBase"]
[SourceDate "2010.11.18"]
[SourceVersion "1"]
[SourceVersionDate "2010.11.18"]
[SourceQuality "1"]
[WhiteTeam "Philippines (W)"]
[BlackTeam "Vietnam (W)"]
[WhiteTeamCountry "PHI"]
[BlackTeamCountry "VIE"]

1. e4 c6 2. d4 d5 3. exd5 cxd5 4. Bd3 Nc6 5. c3 Qc7 6. Ne2 Bg4 7. f3 Bd7 8. Bf4 e5 9. dxe5 Nxe5 10. Bc2 Bd6 11. Ba4 Ne7 12. Bxd7+ Qxd7 13. Bxe5 Bxe5 14. f4 Bf6 15. 0-0 0-0 16. Qd3 Rfe8 17. Na3 Nf5 18. Nc2 Re4 19. Nc1 Rae8 20. Nb3 Qd6 21. Rad1 Bd8 22. Kh1 Bb6 23. g3 Qh6 24. Nbd4 Bxd4 25. Nxd4 Nxd4 26. cxd4 Qh3 27. Rd2 Re2 0-1